| 000 | 01042nam a22002777a 4500 | ||
|---|---|---|---|
| 001 | 5186 | ||
| 003 | FISKH | ||
| 005 | 20241118134551.0 | ||
| 008 | 241118b cb ||||| |||| 00| 0 eng d | ||
| 020 | _a9780545637480 | ||
| 040 |
_aFISKH _beng _cFISKH _dFISKH |
||
| 082 | _a940.53 | ||
| 100 | _aBeck, Paul | ||
| 245 |
_aHeroes of World War II / _cby Paul Beck and Anne Marie Walsh |
||
| 260 |
_aNew York : _bScholastic ; _c2013 . |
||
| 300 |
_a64 pages : _bcolor illustrations, maps ; _c29 cm . |
||
| 505 | _aZ | ||
| 520 | _aIn Heroes of World War II, you'll read about Allied freedom fighters, spies, invisible ink, code names, secret passages, and underground railroads. Discover how people, including schoolchildren, around the world took it upon themselves to thwart Hitler's quest for world domination. | ||
| 521 | 8 |
_a920
_bLexile |
|
| 521 | 8 |
_aZ
_bRaz-Plus |
|
| 650 |
_aThe Rose _vnon-fiction |
||
| 650 |
_aWallenberg _vnon-fiction |
||
| 700 |
_aBaynes, Sarah _eDesigner |
||
| 942 |
_2ddc _cBK _n0 |
||
| 999 |
_c5186 _d5186 |
||